| 000 | 00548nam a2200193 a 4500 | ||
|---|---|---|---|
| 001 | 1687 | ||
| 003 | MO | ||
| 005 | 20170315143203.0 | ||
| 008 | 001110s19uu xx 00 eng d | ||
| 050 |
_aTR _bW44 1985 |
||
| 100 | _aWells, H. G. | ||
| 245 |
_aThe time machine / _cH. G. Wells ; adapted by Shirley Bogart; illustrated by Brendan Lynch. |
||
| 260 |
_aNew York : _bBaronet Books, _c1985. |
||
| 300 | _a238 p. : ill. ; cm. | ||
| 440 | _aIllustrated classic edition. | ||
| 650 |
_aScience _xFiction. |
||
| 942 |
_2ddc _cBK |
||
| 999 |
_c110923 _d110923 |
||